<?xml version="1.0" encoding="UTF-8"?>
<marc:record xmlns:marc="http://www.loc.gov/MARC21/slim">
   <marc:leader>00000nam a2200000 a 4500</marc:leader>
   <marc:datafield ind1="1" ind2=" " tag="100">
      <marc:subfield code="a">Arcanjo, J. J.</marc:subfield>
      <marc:subfield code="4">aut</marc:subfield>
      <marc:subfield code="e">Verfasser/-in</marc:subfield>
   </marc:datafield>
   <marc:datafield ind1=" " ind2=" " tag="653">
      <marc:subfield code="a">Antolin Klasse-6</marc:subfield>
   </marc:datafield>
   <marc:datafield ind1="0" ind2="0" tag="245">
      <marc:subfield code="a">Schule der Meisterdiebe 5, Die letzte Prüfung</marc:subfield>
   </marc:datafield>
   <marc:datafield ind1="0" ind2="0" tag="245">
      <marc:subfield code="b">Das Finale der Schule der Meisterdiebe | Hochspannung für alle ab 10! | Abenteuer im Internat</marc:subfield>
   </marc:datafield>
   <marc:datafield ind1=" " ind2="1" tag="264">
      <marc:subfield code="b">Schneiderbuch</marc:subfield>
      <marc:subfield code="c">2026</marc:subfield>
   </marc:datafield>
   <marc:datafield ind1="1" ind2=" " tag="520">
      <marc:subfield code="a">Gabriel und seine Freunde gegen die Namenlosen - der alles entscheidende Coup Es ist Gabriels letztes Jahr an der Schule der Meisterdiebe, er und seine Freunde haben nur eines im Sinn: Sie müssen Gabriels Eltern - die berüchtigten Anführer der kriminellen Organisation 'Die Namenlosen' - ein für alle Mal zur Strecke bringen. Nur wie werden sie das mit ihrem letzten Lehrjahr vereinbaren, das ein neues Schulfach und den bisher schwierigsten Einbruch für sie beinhaltet: die Infiltration von Crookhaven selbst? Wer fest an sich selbst glaubt und die besten Freunde der Welt hat, kann alles schaffen, oder? Noch spannender, noch genialer: Der letzte Band der 'Schule der Meisterdiebe'!</marc:subfield>
   </marc:datafield>
   <marc:datafield ind1=" " ind2=" " tag="020">
      <marc:subfield code="a">9783505153303</marc:subfield>
      <marc:subfield code="9">9783505153303</marc:subfield>
   </marc:datafield>
</marc:record>
